1841 1851 1341 1500 1561 1815 1174 1808 1431 1471 1296 1639 1380 1888 1604 1409 1116 1022 1467 1191 1635 1299 1992 1235 1672 1490 1607 1890 1958 1426 1849 1005 1093 1423 1550 1589 1621 1996 1995 1035 1936 1635 1654 1529 1302 1172 1790 1117 1205 1445 1155 1942 1923 1389 1166 1584 1950 1645 1745 1214 1129 1198 1564 1803 1856 1525 1281 1787 1402 1120 1599 1671 1925 1151 1489 1716 1751 1538 1228 1084 1588 1094 1076 1073 1056 1047 1899 1203 1033 1492 1720 1141 1120 1786 1019 1433 1481 1477 1409 BCNSPRNW ULIB Ver.6.0+V

เปลี่ยนเป็นภาษาไทย

Change to English
 แสดงรายละเอียดบรรณานุกรม
  กลับหน้าหลัก

Brief Record : Get Marc (ISO 2709) : E-mail record : QR code < ปิดหน้าต่าง
LEADER : 00000nam 2200000uu 4500
001    13399124877
003     ULIB
008    160424s2558||||th 000 0 tha d
020    ^a9786163749918
060 04 ^aW50^bพ958
110 1  ^aแพทยสภา
245 00 ^aคู่มือการเรียนการสอนเวชจริยศาสตร์ /^cแพทยสภา
250    ^aพิมพ์ครั้งที่ 1
260    ^aนนทบุรี :^bแพทยสภา,^c2558
300    ^a128 หน้า
650  4 ^aจรรยาแพทย์
650  0 ^aเวชจริยศาสตร์
650  0 ^aแพทย์
945    ^p200^l0^i23441
945    ^p200^l0^i23442
945    ^p200^l0^i23443
945    ^p200^l0^i23444
945    ^p200^l0^i23445
999    ^aทศพร เกษรทอง
รายการนี้ยังไม่มีแท็ก
คุณยังไม่ได้ล็อกอิน คุณสามารถมีกิจกรรมร่วมกับเว็บไซต์ได้ แต่ต้องล็อกอินก่อน ::
  ล็อกอิน

รายการสื่อสารสนเทศ

ลำดับที่ ประเภท เลขเรียก/บาร์โค้ด สถานที่ สถานะ
1. วิทยาศาสตร์การแพทย์ และสุขภาพ
วิทยาศาสตร์การแพทย์ และสุขภาพ
สถานะ=หนังสือเก่า
W50 พ958 ฉ.1 
  Barcode: 23441
ห้องสมุดวิทยาเขตนครสวรรค์
►ส่วนจัดเก็บหนังสือเก่า นว.
บนชั้น
  ขอยืม
2. วิทยาศาสตร์การแพทย์ และสุขภาพ
วิทยาศาสตร์การแพทย์ และสุขภาพ
สถานะ=หนังสือเก่า
W50 พ958 ฉ.2 
  Barcode: 23442
ห้องสมุดวิทยาเขตนครสวรรค์
►ส่วนจัดเก็บหนังสือเก่า นว.
บนชั้น
  ขอยืม
3. วิทยาศาสตร์การแพทย์ และสุขภาพ
วิทยาศาสตร์การแพทย์ และสุขภาพ
สถานะ=หนังสือเก่า
W50 พ958 ฉ.3 
  Barcode: 23443
ห้องสมุดวิทยาเขตนครสวรรค์
►ส่วนจัดเก็บหนังสือเก่า นว.
บนชั้น
  ขอยืม
4. วิทยาศาสตร์การแพทย์ และสุขภาพ
วิทยาศาสตร์การแพทย์ และสุขภาพ
สถานะ=หนังสือเก่า
W50 พ958 ฉ.4 
  Barcode: 23444
ห้องสมุดวิทยาเขตนครสวรรค์
►ส่วนจัดเก็บหนังสือเก่า นว.
บนชั้น
  ขอยืม
5. วิทยาศาสตร์การแพทย์ และสุขภาพ
วิทยาศาสตร์การแพทย์ และสุขภาพ
สถานะ=หนังสือเก่า
W50 พ958 ฉ.5 
  Barcode: 23445
ห้องสมุดวิทยาเขตนครสวรรค์
►ส่วนจัดเก็บหนังสือเก่า นว.
บนชั้น
  ขอยืม

รายการใกล้เคียง
    หัวเรื่อง [จรรยาแพทย์]
    หัวเรื่อง [เวชจริยศาสตร์]
    หัวเรื่อง [แพทย์]

BibComment


ยังไม่เคยถูกคอมเมนท์

คอมเมนท์ทรัพยากรรายการนี้
  คอมเมนท์: คู่มือการเรียนกา..


 Copyright 2026. Bcnsprnw @Library